| 000 | 00520nam a2200157 4500 | ||
|---|---|---|---|
| 001 | 112634 | ||
| 003 | ES-MaACL | ||
| 005 | 20230906185558.0 | ||
| 007 | t| | ||
| 008 | 061121s1978 sp r ||||1| spa d | ||
| 100 | 1 |
_aNieto Alcaide, Víctor. _985671 |
|
| 245 | 1 | 3 |
_aLa luz, símbolo y sistema visual _b: (el espacio y la luz en el arte gótico y del renacimiento / _cVíctor Nieto Alcaide. |
| 260 |
_aMadrid : _bCátedra, _c1978. |
||
| 300 |
_a190 p., 5 lám. : _bil. ; _c18 cm. |
||
| 852 |
_aES-MaACL _jA-8142 _bR.97227 |
||
| 999 |
_c112634 _d112634 |
||